00674nam a2200169 a 4500003000200000005001700002008004100019050002800060100001700088245011500105260009000220300004000310504004100350650002400391650004800415650004100463020250207143408.0130824s19uu xx 00 eng d aPHS BF 575b.Sh556 2013 aShin, HeeJae aRelationship of self-trust and trust towards other people among grade 11 students of S.I.S.C. /cShin, HeeJae. aLas Piñas City, Philippines :bSouthville International School and Colleges,c2013. a27 pages :billustrations ;c28 cm. aIncludes bibliographical references. aTrust (Psychology). aInterpersonal trustvPsychological aspects. aSelf-conceptvPsychological aspects.